| 000 | 00563nac a22001811u 4500 | ||
|---|---|---|---|
| 020 | _a812612735X | ||
| 082 |
_a620.503 _bNAN |
||
| 090 |
_c9219 _d9219 |
||
| 100 | _a20080729 | ||
| 245 | 0 | 2 |
_aDictionary of nanotechnology / _cedited by Thomas George. |
| 260 |
_aNew Delhi: _bANMOL publications,2006. _c2006. |
||
| 300 |
_a282 p. : _c20 cm. |
||
| 500 | _aDistributer: Al-Ahram | ||
| 511 | _aCatalogued by: Sara | ||
| 650 | 0 |
_aNanotechnology _vDictionaries. |
|
| 700 | 1 | _aGeorge, Thomas | |
| 942 |
_cBB _k620.503NAN |
||
| 999 |
_c9219 _d9219 |
||